000 00708nam a22002057a 4500
003 OSt
005 20260216061347.0
008 260216b |||||||| |||| 00| 0 eng d
040 _aDWC-Main lib
_cOC
082 _aFil. 499.211 IN61 2022
100 _aAbarazado, Sheena Mae L.
245 _aIntro sa pag-aaral ng wika:
_bmga teorya sa pagtuturo at pagkatuto ng wika/
_cSheena Mae L. Abrazado
260 _a[no place of publication]:
_b[no publisher],
_cc2022.
300 _a256 pages:
_b illustrations;
_c 27 cm.
650 _a1. Filipino language -- study and teaching.
650 _a2. Linguistics.
700 _aVictoria A. Vasil
700 _aAND NINE OTHERS
942 _2ddc
_cBK - FIL
_kFil.
_n0
999 _c8421
_d8421